00429nam a22001577a 4500003001100000005001700011008004100028020001500069040003900084041000800123082001300131100002300144245004300167260004100210650002000251LK-CoMWRAF20230926232621.0230926b |||||||| |||| 00| 0 eng d a0395984955 aLK-CoMWRAFdLK-CoMWRAFeLK-CoMWRAF aeng a823bFIN aFinneran, Kathleen aThe Tender land :bA family love story aNew York :bKathleen finneran,c2000 aEnglish Fiction